| 000 | 00500nam a2200145Ia 4500 | ||
|---|---|---|---|
| 008 | 220620s9999||||xx |||||||||||||| ||und|| | ||
| 020 | _a9782890000000 | ||
| 022 | _a16648714 | ||
| 245 | 0 | _aComputed Tomography Based Biomechanics | |
| 546 | _aEnglish[eng] | ||
| 650 | _aimaging||Biological structures||mechanics||Tomography | ||
| 700 | _aBarber, Asa||Tozzi, Gianluca||Pani, Martino | ||
| 856 | _uhttps://www.frontiersin.org/research-topics/5762/computed-tomography-based-biomechanics | ||
| 942 | _cEB | ||
| 999 |
_c31031 _d31031 |
||